Návrh zlepšenia systému získavania a výberu zamestnancov v EUROMOTOR, s.r.o., Banská Bystrica = Proposal improvement of a method for searching and selection of employees in EUROMOTOR, s.r.o., Banská Bystrica : Diplomová práca

Salvato in:
Dettagli Bibliografici
Autore principale: Belková, Eva (Autore)
Altri autori: Šaturová, Katarína, 1968- (xxx)
Natura: Manoscritto Libro
Lingua:slovacco
Pubblicazione: Trnava : STU v Bratislave MTF UPMK, 2009
Soggetti:
Tags: Aggiungi Tag
Nessun Tag, puoi essere il primo ad aggiungerne!!

MARC

LEADER 00000ntm a22000003a 4500
001 stu186563
005 20160719160107.9
008 090703s2009----xo------------------slo-d
040 |a STU  |b slo 
041 0 |a slo 
044 |a xo 
100 1 |a Belková, Eva  |4 aut 
245 1 |a Návrh zlepšenia systému získavania a výberu zamestnancov v EUROMOTOR, s.r.o., Banská Bystrica = Proposal improvement of a method for searching and selection of employees in EUROMOTOR, s.r.o., Banská Bystrica :  |b Diplomová práca 
260 |a Trnava :  |b STU v Bratislave MTF UPMK,  |c 2009 
300 |a 80 s  |c Príloha, 1 CD-ROM 
500 |a Študijný odbor: 5.2.52 priemyselné inžinierstvo 
500 |a Študijný program: priemyselné manažérstvo 
650 7 |a získavanie pracovníkov  |2 stusub 
650 7 |a výber pracovníkov  |2 stusub 
700 1 |a Šaturová, Katarína,  |d 1968-  |4 xxx  |X 3649  |7 A000003649 
996 |b 284M070661  |c M*DP-7994  |l MMSKP  |s P  |a 0  |w stu186563_0001